Páginas en prosa / (Record no. 163755)

MARC details
000 -LEADER
campo de control de longitud fija 00978nam a22002535i 4500
001 - NÚMERO DE CONTROL
campo de control 163755
003 - IDENTIFICADOR DE NÚMERO DE CONTROL
campo de control ES-MaACL
005 - FECHA Y HORA DE LA ÚLTIMA TRANSACCIÓN
campo de control 20250717063046.0
008 - DATOS DE LONGITUD FIJA--INFORMACIÓN GENERAL
campo de control de longitud fija 050718s1882 sp | |||||||| ||spa d
040 ## - FUENTE DE CATALOGACIÓN
Centro catalogador/agencia de origen CAM
Lengua de catalogación spa
Centro/agencia transcriptor CAM
100 1# - ENTRADA PRINCIPAL--NOMBRE DE PERSONA
Nombre de persona Chaves, Ángel R.,
Fechas asociadas al nombre 1849-1909
9 (RLIN) 126471
245 10 - MENCIÓN DEL TÍTULO
Título Páginas en prosa /
Mención de responsabilidad, etc. por Angel R. Chaves ; con un prólogo de R. Blanco Asenjo.
260 ## - PUBLICACIÓN, DISTRIBUCIÓN, ETC.
Lugar de publicación, distribución, etc. Madrid :
Nombre del editor, distribuidor, etc. [s.n.,
Fecha de publicación, distribución, etc. s.a.] (
Fabricante Imprenta de Campuzano hermanos)
300 ## - DESCRIPCIÓN FÍSICA
Extensión 203 p. ;
Dimensiones 19 cm.
490 1# - MENCIÓN DE SERIE
Mención de serie Biblioteca de La Península
596 ## - NOTA AL PIE DE IMPRENTA
NOTA AL PIE DE IMPRENTA Palau, 273839, lo fecha en 1882.
596 ## - NOTA AL PIE DE IMPRENTA
NOTA AL PIE DE IMPRENTA En cub. consta en pie de imp.: Administración:Lope de Vega, 40 y 42.
700 1# - ENTRADA AGREGADA--NOMBRE PERSONAL
Nombre de persona Blanco Asenjo, Ricardo,
Fechas asociadas al nombre 1847-1897
Término indicativo de función/relación
9 (RLIN) 126008
710 2# - ENTRADA AGREGADA--NOMBRE DE ENTIDAD CORPORATIVA
Nombre de entidad corporativa o nombre de jurisdicción como elemento de entrada Campuzano Hermanos,
Término indicativo de función/relación
9 (RLIN) 134214
752 ## - ENTRADA AGREGADA--NOMBRE JERÁRQUICO DEL LUGAR
País o entidad superior España -
Ciudad Madrid
830 0# - PUNTO DE ACCESO ADICIONAL DE SERIE-TÍTULO UNIFORME
Título uniforme Biblioteca de La Península
9 (RLIN) 222297
852 ## - LOCALIZACIÓN
Ubicación ES-MaACL
Número de control de estantería D-846
Nota libre -- Rúst.
-- -- Legado de Modesto de La Fuente
Holdings
Estatus retirado Estado de pérdida Estado de daño No para préstamo Biblioteca de origen Biblioteca actual Ubicación en estantería Fecha de adquisición Fuente de adquisición Total de préstamos Signatura topográfica completa Código de barras Visto por última vez Precio de reemplazo Tipo de ítem Koha
        Biblioteca del Ateneo de Madrid Biblioteca del Ateneo de Madrid Sala Valle Inclán 17/01/2008     D-846 901171611 23/02/2023 23/02/2023 Libro impreso